[Event "Fagernes Chess International"]
[Site "Thon Hotell Fagernes"]
[Date "2016.03.20"]
[Round "2"]
[White "Darnell, Anton"]
[Black "Haugli, Petter"]
[Result "0-1"]
[WhiteElo "2110"]
[BlackElo "2244"]
[PlyCount "76"]
[EventDate "2016.??.??"]

1. d4 f5 2. Nf3 Nf6 3. h3 g6 4. g4 d5 5. Qd3 Bg7 6. Nc3 O-O 7. g5 Ne4 8. Bf4 c5
9. Be5 Bxe5 10. Nxe5 Nc6 11. Nxc6 bxc6 12. h4 Qb6 13. Rd1 Qxb2 14. Nxe4 fxe4
15. Qb3 Rb8 16. Qxb2 Rxb2 17. c4 cxd4 18. Rxd4 e5 19. Rd2 Rb1+ 20. Rd1 Rxd1+
21. Kxd1 Rxf2 22. cxd5 cxd5 23. Bh3 Bxh3 24. Rxh3 Rf7 25. Rb3 d4 26. Rb8+ Kg7
27. Re8 Rf1+ 28. Kd2 e3+ 29. Kd3 Rd1+ 30. Ke4 Rd2 31. Re7+ Kf8 32. Rxa7 Rxe2
33. Kxe5 d3 34. Ke6 Rf2 35. Ra8+ Kg7 36. Ra7+ Kg8 37. Ra8+ Rf8 38. Ra3 e2
0-1

[Event "Fagernes Chess International"]
[Site "Thon Hotell Fagernes"]
[Date "2016.03.20"]
[Round "2"]
[White "Kaasen, Tor Fredrik"]
[Black "Bjerke, Richard"]
[Result "1/2-1/2"]
[WhiteElo "2209"]
[BlackElo "2109"]
[PlyCount "100"]
[EventDate "2016.??.??"]

1. d4 Nf6 2. Bg5 g6 3. Bxf6 exf6 4. e3 Bg7 5. g3 f5 6. Bg2 O-O 7. c4 d6 8. Nc3
Nd7 9. Nge2 Nf6 10. O-O Re8 11. Qd3 c6 12. b4 h5 13. a4 h4 14. a5 hxg3 15. hxg3
Ng4 16. a6 Qg5 17. b5 Qh5 18. Rfb1 Qh2+ 19. Kf1 Bh6 20. Nd1 d5 21. cxd5 cxd5
22. Bxd5 Rb8 23. b6 axb6 24. Rxb6 Be6 25. Qb3 Bxd5 26. Qxd5 Qxf2+ 27. Nxf2
Nxe3+ 28. Ke1 Nxd5 29. Rxb7 Nb4 30. Rxb8 Rxb8 31. Ra4 Nc2+ 32. Kf1 Ne3+ 33. Kg1
g5 34. Nc3 f4 35. Nb5 fxg3 36. a7 Rxb5 37. a8=Q+ Kg7 38. Ra1 gxf2+ 39. Kxf2 g4
40. Re1 Rf5+ 41. Kg1 Rf3 42. Qe4 f5 43. Qe5+ Kg6 44. Rb1 Kh5 45. Qe8+ Kh4 46.
Qe7+ Kh5 47. Qf7+ Kh4 48. Qf6+ Kh5 49. Qf7+ Kh4 50. Qe7+ Kh5
1/2-1/2

[Event "Fagernes Chess International"]
[Site "Thon Hotell Fagernes"]
[Date "2016.03.20"]
[Round "2"]
[White "Hølleland, Sigve"]
[Black "Dahl, Trygve"]
[Result "0-1"]
[WhiteElo "2107"]
[BlackElo "2201"]
[PlyCount "56"]
[EventDate "2016.??.??"]

1. c4 f5 2. Nc3 Nf6 3. g3 d6 4. d4 e6 5. Bg2 Be7 6. Nf3 O-O 7. O-O Ne4 8. Qb3
Nxc3 9. Qxc3 Bf6 10. Re1 Nc6 11. Rd1 Qe7 12. Qe1 e5 13. dxe5 dxe5 14. e4 f4 15.
Rb1 g5 16. gxf4 exf4 17. b3 g4 18. Nd2 f3 19. Bf1 Be5 20. Bb2 Bf4 21. c5 Be6
22. Nc4 Qh4 23. h3 g3 24. fxg3 Bxg3 25. Qc3 Bf2+ 26. Kh1 Nd4 27. Nd2 Bxh3 28.
Nxf3 Rxf3
0-1

[Event "Fagernes Chess International"]
[Site "Thon Hotell Fagernes"]
[Date "2016.03.20"]
[Round "2"]
[White "Kjølberg, Jens Hjorth"]
[Black "Fossan, Andreas"]
[Result "1-0"]
[WhiteElo "2164"]
[BlackElo "2069"]
[PlyCount "113"]
[EventDate "2016.??.??"]

1. d4 d5 2. c4 c6 3. Nf3 Nf6 4. e3 Bf5 5. Nc3 e6 6. Nh4 Bg6 7. Nxg6 hxg6 8. Bd2
Bd6 9. Qc2 Nbd7 10. h3 Qe7 11. Be2 Rc8 12. Qb3 Rb8 13. a4 O-O 14. O-O dxc4 15.
Bxc4 Nb6 16. Be2 Nbd5 17. Bf3 Rfd8 18. e4 Nxc3 19. bxc3 e5 20. Bg5 Qc7 21. g3
Rd7 22. Bg2 Re8 23. Rfe1 a5 24. Rab1 exd4 25. Bxf6 gxf6 26. cxd4 Bb4 27. Red1
Red8 28. Qc4 c5 29. d5 Rd6 30. Rb3 Qd7 31. Ra1 Rb8 32. Bf1 Re8 33. Bg2 Re7 34.
Re3 Qe8 35. f4 b5 36. axb5 Rb6 37. Bf1 Rb8 38. d6 Re6 39. Rd1 Qd7 40. e5 a4 41.
h4 a3 42. Bh3 f5 43. Bg2 Rxb5 44. Bd5 Ra5 45. Bxe6 fxe6 46. Rb3 Kf7 47. g4 Ra8
48. h5 Rg8 49. hxg6+ Rxg6 50. g5 Rg7 51. Rh3 Qa4 52. Ra1 Qd7 53. Rh6 Rg6 54.
Qe2 Rxh6 55. gxh6 Kg6 56. Qg2+ Kxh6 57. Kf2
1-0

[Event "Fagernes Chess International"]
[Site "Thon Hotell Fagernes"]
[Date "2016.03.20"]
[Round "2"]
[White "Machlik, Edit"]
[Black "Gutsko, Anastasia"]
[Result "1-0"]
[WhiteElo "2056"]
[BlackElo "2154"]
[PlyCount "101"]
[EventDate "2016.??.??"]

1. d4 Nf6 2. c4 e6 3. Nc3 Bb4 4. Qc2 O-O 5. a3 Bxc3+ 6. Qxc3 d6 7. f3 b6 8. Bg5
Qe7 9. e4 e5 10. d5 a5 11. b3 Re8 12. Qc2 Na6 13. Ne2 Nc5 14. g4 a4 15. b4 Nb3
16. Rd1 Bd7 17. Be3 Reb8 18. Nc3 Ne8 19. Bd3 Ra7 20. O-O g6 21. Ne2 Ng7 22. Ng3
f6 23. Rf2 Kf7 24. h3 Rh8 25. Kg2 h5 26. Qb1 h4 27. Ne2 f5 28. f4 fxg4 29.
fxe5+ Kg8 30. e6 gxh3+ 31. Kh2 Be8 32. Rg1 c5 33. b5 Nh5 34. Bg5 Qg7 35. Qf1
Qe5+ 36. Kxh3 Kh7 37. Rf8 Rxf8 38. Qxf8 Ng7 39. Bf6 Qh5 40. Rf1 Nd2 41. Nf4 Qh6
42. Rf2 Nxc4 43. Bxc4 g5 44. Rg2 gxf4 45. Bd3 Bg6 46. Rg4 c4 47. Bc2 f3 48.
Rxh4 f2 49. Rxh6+ Kxh6 50. Qh8+ Bh7 51. Kg2
1-0

[Event "Fagernes Chess International"]
[Site "Thon Hotell Fagernes"]
[Date "2016.03.20"]
[Round "2"]
[White "Løbersli, Henrik Øie"]
[Black "Pettersen, Joar Gullestad"]
[Result "0-1"]
[WhiteElo "2134"]
[BlackElo "2062"]
[PlyCount "92"]
[EventDate "2016.??.??"]

1. d4 Nf6 2. c4 e6 3. g3 d5 4. Nf3 Bb4+ 5. Bd2 Be7 6. Bg2 O-O 7. O-O c6 8. b3
Nbd7 9. Nc3 b6 10. Bf4 Ba6 11. Nd2 Nh5 12. Be3 Rc8 13. Bf3 Nhf6 14. Bf4 c5 15.
dxc5 Nxc5 16. cxd5 exd5 17. Rc1 h6 18. Be5 Nce4 19. Ndb1 Re8 20. Re1 Bb4 21.
Bd4 Qe7 22. a3 Nxc3 23. Bxc3 Bxc3 24. Nxc3 Red8 25. a4 d4 26. Nb1 Qb4 27. Nd2
d3 28. e4 Rc2 29. Nf1 Qd4 30. Ne3 Ra2 31. Ra1 Rb2 32. e5 d2 33. exf6 dxe1=Q+
34. Qxe1 Qxf6 35. Rd1 Rxb3 36. Bd5 Rd3 37. Rxd3 Bxd3 38. Qd2 Qd4 39. Qa2 Bg6
40. a5 Rc8 41. Qa3 Qc5 42. Qa4 b5 43. Qg4 Re8 44. Qd7 Re7 45. Qd8+ Kh7 46. h4
Qc7
0-1

[Event "Fagernes Chess International"]
[Site "Thon Hotell Fagernes"]
[Date "2016.03.20"]
[Round "2"]
[White "Grønnestad, Anita"]
[Black "Ranaldi, Lucas"]
[Result "0-1"]
[WhiteElo "1957"]
[BlackElo "2132"]
[PlyCount "66"]
[EventDate "2016.??.??"]

1. c4 g6 2. Nc3 Bg7 3. g3 Nf6 4. Bg2 O-O 5. Nf3 d6 6. d4 c6 7. O-O Qa5 8. h3
Be6 9. Qd3 Qa6 10. b3 d5 11. Ne5 dxc4 12. bxc4 Nfd7 13. f4 Nxe5 14. dxe5 Bxc4
15. Qd2 Qb6+ 16. Kh2 Rd8 17. Qc2 Qa6 18. Be3 Nd7 19. Rab1 Rac8 20. Rb4 b5 21.
a4 Qa5 22. Rfb1 a6 23. Ne4 Qc7 24. Rxc4 bxc4 25. e6 fxe6 26. Qxc4 Bf6 27. Qxe6+
Kg7 28. g4 h6 29. Nxf6 Nxf6 30. Bxc6 Rd6 31. Bb6 Rxe6 32. Bxc7 Rxe2+ 33. Bg2
Rxc7
0-1

[Event "Fagernes Chess International"]
[Site "Thon Hotell Fagernes"]
[Date "2016.03.20"]
[Round "3"]
[White "Neiksans, Arturs"]
[Black "Vovk, Andrey"]
[Result "1/2-1/2"]
[WhiteElo "2607"]
[BlackElo "2638"]
[PlyCount "80"]
[EventDate "2016.??.??"]

1. c4 f5 2. d4 Nf6 3. g3 g6 4. Bg2 Bg7 5. Nf3 O-O 6. O-O d6 7. Nc3 c6 8. b3 Na6
9. Bb2 Qc7 10. d5 e5 11. dxe6 Bxe6 12. Ng5 Bd7 13. Qd2 Rad8 14. Rfd1 Bc8 15.
Rac1 Qe7 16. Re1 Nc5 17. b4 Ncd7 18. Nd1 Nb6 19. Qe3 Rfe8 20. Qxe7 Rxe7 21. Ne3
h6 22. Nf3 Rde8 23. Red1 Ng4 24. Bxg7 Nxe3 25. fxe3 Kxg7 26. Rxd6 Rxe3 27. Nd4
Nd7 28. b5 c5 29. Bxb7 cxd4 30. Bxc8 Nc5 31. Rc6 Rc3 32. Rd1 Rxc4 33. Rd2 Re5
34. Ba6 Ra4 35. Rc7+ Kf6 36. Rxa7 Re6 37. Ra8 Nxa6 38. bxa6 Rexa6 39. Rxa6+
Rxa6 40. Rxd4 Rxa2
1/2-1/2

[Event "Fagernes Chess International"]
[Site "Thon Hotell Fagernes"]
[Date "2016.03.20"]
[Round "3"]
[White "Romanov, Evgeny"]
[Black "Lie, Kjetil A."]
[Result "1/2-1/2"]
[WhiteElo "2635"]
[BlackElo "2535"]
[PlyCount "79"]
[EventDate "2016.??.??"]

1. d4 d6 2. e4 Nf6 3. Nc3 g6 4. Nf3 Bg7 5. Be2 Bg4 6. Be3 O-O 7. h3 Bxf3 8.
Bxf3 Nc6 9. Ne2 e5 10. d5 Nd4 11. Bxd4 exd4 12. Qxd4 Re8 13. Qc4 b5 14. Qd3 Qe7
15. O-O Nxe4 16. c3 Ng5 17. Rfe1 Nxf3+ 18. Qxf3 a5 19. a3 Rab8 20. Kf1 Qe4 21.
Nd4 Qxf3 22. Rxe8+ Rxe8 23. Nxf3 Bf6 24. Re1 Rb8 25. Re4 b4 26. axb4 axb4 27.
Rxb4 Rxb4 28. cxb4 Bxb2 29. Ke2 Ba3 30. b5 Bc5 31. Ng5 Bb6 32. g4 Kg7 33. f4 h6
34. Ne4 f5 35. gxf5 gxf5 36. Nd2 Kg6 37. Nf3 Kf6 38. Kd3 Kg6 39. Nh4+ Kf6 40.
Nf3
1/2-1/2

[Event "Fagernes Chess International"]
[Site "Thon Hotell Fagernes"]
[Date "2016.03.20"]
[Round "3"]
[White "De Firmian, Nick E"]
[Black "Vovk, Yuri"]
[Result "1/2-1/2"]
[WhiteElo "2508"]
[BlackElo "2611"]
[PlyCount "94"]
[EventDate "2016.??.??"]

1. e4 e6 2. d4 d5 3. Nc3 Nf6 4. Bg5 dxe4 5. Nxe4 Be7 6. Bxf6 gxf6 7. Nf3 f5 8.
Ng3 c5 9. c3 Qb6 10. Qb3 Qxb3 11. axb3 Nc6 12. dxc5 Bxc5 13. Be2 Bd7 14. b4 Bd6
15. Rd1 Ke7 16. O-O Rhd8 17. Rfe1 Be8 18. b5 Ne5 19. Nd4 Bc7 20. Nh5 Rab8 21.
Bf1 Ng4 22. g3 Ne5 23. Kg2 Kf8 24. Nf6 Ng4 25. Nxh7+ Kg7 26. Ng5 Kf6 27. h4 e5
28. f3 exd4 29. fxg4 dxc3 30. bxc3 Rxd1 31. Rxd1 fxg4 32. Rd4 a6 33. c4 axb5
34. cxb5 Ra8 35. Rxg4 Ra2+ 36. Kf3 Ra3+ 37. Kg2 Kf5 38. Rd4 Rxg3+ 39. Kf2 Rb3
40. Rd5+ Kf6 41. Bd3 Rb4 42. h5 Kg7 43. Ne4 f6 44. Nd6 Rb2+ 45. Ke3 Bxd6 46.
Rxd6 Bxb5 47. Rb6 Rb3
1/2-1/2

[Event "Fagernes Chess International"]
[Site "Thon Hotell Fagernes"]
[Date "2016.03.20"]
[Round "3"]
[White "Hobber, Anders"]
[Black "Urkedal, Frode Olav Olsen"]
[Result "0-1"]
[WhiteElo "2326"]
[BlackElo "2507"]
[PlyCount "142"]
[EventDate "2016.??.??"]

1. d4 Nf6 2. Nf3 e6 3. Bf4 c5 4. e3 Nc6 5. c3 Nh5 6. Bg5 Qb6 7. Qb3 f6 8. Bh4
g5 9. Bg3 Nxg3 10. hxg3 d5 11. Nbd2 Bd7 12. Qc2 cxd4 13. exd4 O-O-O 14. O-O-O
g4 15. Nh4 Bd6 16. Nb3 Kb8 17. Kb1 Rc8 18. Qe2 f5 19. Qb5 Rhg8 20. Qxb6 axb6
21. Bb5 Kc7 22. Nc1 Nd8 23. Bxd7 Kxd7 24. Nd3 Nf7 25. Kc2 Ng5 26. Kd2 Ne4+ 27.
Ke3 Ra8 28. a3 Ra4 29. Ra1 Rf8 30. Rac1 Rf6 31. Ra1 Ke8 32. Rac1 Kf8 33. Ra1
Kg8 34. Rac1 b5 35. Ra1 Ra8 36. Rac1 Bf8 37. Ke2 Bh6 38. Ra1 Bg5 39. Ne5 Kg7
40. Nd7 Rf7 41. Ne5 Rc7 42. Rhd1 Rf8 43. Rh1 b6 44. Nd3 Ra8 45. Rhd1 Rf7 46.
Rh1 Rf6 47. Ne5 Rh6 48. Nd3 Rf8 49. Ne5 f4 50. Nxg4 fxg3 51. Nf3 Rxh1 52. Rxh1
gxf2 53. Rd1 Bh4 54. Ne3 Bg3 55. Nd2 Nxd2 56. Kxd2 h5 57. Ke2 h4 58. Nf1 Rf4
59. Rd3 Kf6 60. Rf3 Kf5 61. Ne3+ Ke4 62. Rxf4+ Bxf4 63. Nd1 f1=Q+ 64. Kxf1 Kd3
65. Nf2+ Kc2 66. Ke2 Bc1 67. Nd3 Bxb2 68. Nxb2 Kxb2 69. Kf3 Kxa3 70. Kg4 Kb3
71. Kxh4 Kxc3
0-1

[Event "Fagernes Chess International"]
[Site "Thon Hotell Fagernes"]
[Date "2016.03.20"]
[Round "3"]
[White "Shankland, Samuel L"]
[Black "Getz, Nicolai"]
[Result "1-0"]
[WhiteElo "2648"]
[BlackElo "2407"]
[PlyCount "117"]
[EventDate "2016.??.??"]

1. e4 c5 2. Nf3 e6 3. d4 cxd4 4. Nxd4 Nc6 5. Nc3 Qc7 6. Be3 a6 7. Qd2 Nf6 8.
O-O-O Be7 9. f3 b5 10. Kb1 h5 11. Nxc6 Qxc6 12. e5 b4 13. exf6 bxc3 14. fxg7
Rg8 15. Qd3 Rb8 16. b3 Rxg7 17. Bd4 Rg5 18. Qxc3 Qxc3 19. Bxc3 Bb7 20. Bd2 Rg6
21. Be3 h4 22. Rg1 h3 23. g3 Bxf3 24. Rd2 a5 25. Bxh3 d5 26. Bg2 Bxg2 27. Rgxg2
a4 28. Kb2 f5 29. c3 axb3 30. axb3 Kf7 31. b4 Bf6 32. Kb3 Rg4 33. Rd3 Rc4 34.
Ra2 Rbc8 35. Bc5 Rc7 36. Ra6 Rd7 37. Ra7 Ke8 38. Rxd7 Kxd7 39. Bd4 Be7 40. h4
Rc8 41. h5 Bf8 42. g4 fxg4 43. Rg3 Rc4 44. Rxg4 Ke8 45. Rf4 Bg7 46. Rg4 Bxd4
47. cxd4 Rc1 48. Rh4 Kf7 49. h6 Kg8 50. h7+ Kh8 51. Ka4 Rc4 52. Ka5 e5 53. b5
e4 54. b6 Rc3 55. Kb4 Rc8 56. Rh3 Re8 57. Kc5 e3 58. b7 e2 59. Re3
1-0

[Event "Fagernes Chess International"]
[Site "Thon Hotell Fagernes"]
[Date "2016.03.20"]
[Round "3"]
[White "Johannessen, Leif E"]
[Black "Haug, Johannes"]
[Result "1-0"]
[WhiteElo "2497"]
[BlackElo "2267"]
[PlyCount "53"]
[EventDate "2016.??.??"]

1. Nf3 Nf6 2. d4 e6 3. c4 b6 4. a3 Ba6 5. Qc2 Bb7 6. Nc3 c5 7. e4 cxd4 8. Nxd4
Nc6 9. Nxc6 Bxc6 10. Bf4 Bc5 11. Rd1 Nh5 12. Bc1 Qf6 13. Qe2 Qg6 14. g3 Nf6 15.
Bg2 h5 16. b4 Be7 17. h3 O-O 18. O-O e5 19. Kh2 h4 20. gxh4 Rac8 21. Bf3 Nh7
22. Rg1 Qe6 23. Bg4 Qf6 24. Bf5 Qxh4 25. Rg4 Qf6 26. Rdg1 Rfe8 27. Rxg7+
1-0

[Event "Fagernes Chess International"]
[Site "Thon Hotell Fagernes"]
[Date "2016.03.20"]
[Round "3"]
[White "Haugli, Petter"]
[Black "Meskovs, Nikita"]
[Result "1/2-1/2"]
[WhiteElo "2244"]
[BlackElo "2469"]
[PlyCount "65"]
[EventDate "2016.??.??"]

1. c4 Nf6 2. Nc3 e5 3. Nf3 Nc6 4. e4 d6 5. d4 Bg4 6. d5 Nd4 7. Be3 g6 8. Qa4+
Bd7 9. Qd1 Nxf3+ 10. Qxf3 Bg7 11. Bd3 O-O 12. h3 Nh5 13. g3 a5 14. O-O-O a4 15.
a3 Qe7 16. Kb1 Rfb8 17. Nb5 Rc8 18. Bc2 Qf8 19. Qe2 Qe8 20. Nc3 Ra5 21. Qd2
Rca8 22. Bd3 Qb8 23. Be2 Nf6 24. g4 Ne8 25. h4 c5 26. dxc6 bxc6 27. h5 Qb3 28.
hxg6 hxg6 29. Bh6 Bf6 30. Bg5 Bg7 31. Bh6 Bf6 32. Bg5 Bg7 33. Bh6
1/2-1/2

[Event "Fagernes Chess International"]
[Site "Thon Hotell Fagernes"]
[Date "2016.03.20"]
[Round "3"]
[White "Salomon, Johan"]
[Black "Dahl, Trygve"]
[Result "1-0"]
[WhiteElo "2452"]
[BlackElo "2201"]
[PlyCount "109"]
[EventDate "2016.??.??"]

1. d4 f5 2. c4 Nf6 3. g3 e6 4. Bg2 Be7 5. Nf3 d6 6. O-O O-O 7. b3 Ne4 8. Bb2 a5
9. Nfd2 Nxd2 10. Nxd2 f4 11. gxf4 Rxf4 12. e3 Rf8 13. f4 Nd7 14. Nf3 c5 15. Bh3
Nb8 16. dxc5 dxc5 17. Qc2 Bf6 18. Rad1 Qe7 19. Bg2 Nc6 20. Kh1 Bd7 21. Bxf6
Rxf6 22. Ng5 Rg6 23. Qd3 Be8 24. Qd6 h6 25. Nf3 Qxd6 26. Rxd6 a4 27. Bh3 axb3
28. axb3 Kf7 29. Nh4 Rf6 30. f5 Ke7 31. Rxe6+ Rxe6 32. fxe6 g6 33. Ng2 Ne5 34.
Nf4 Bc6+ 35. Nd5+ Bxd5+ 36. cxd5 Ra3 37. Rb1 Kd6 38. Bg2 Ra2 39. h3 Ra3 40. Kh2
Ra2 41. Kg3 Re2 42. e4 Ra2 43. Bf1 Rc2 44. Bc4 Rc3+ 45. Kf2 Rxh3 46. Ra1 Ng4+
47. Kg2 Re3 48. Ra7 Kc7 49. Ra8 Nf6 50. e7 Kd7 51. e8=Q+ Nxe8 52. Bb5+ Kd6 53.
Rxe8 Rxb3 54. Re6+ Kc7 55. Be2
1-0

[Event "Fagernes Chess International"]
[Site "Thon Hotell Fagernes"]
[Date "2016.03.20"]
[Round "3"]
[White "Pettersen, Joar Gullestad"]
[Black "Christiansen, Johan-Sebastian"]
[Result "0-1"]
[WhiteElo "2062"]
[BlackElo "2401"]
[PlyCount "68"]
[EventDate "2016.??.??"]

1. e4 e6 2. d4 d5 3. Nd2 c5 4. exd5 Qxd5 5. dxc5 Nf6 6. Ngf3 Qxc5 7. Bd3 Be7 8.
O-O Nbd7 9. Qe2 Qc7 10. Re1 a6 11. a4 Nd5 12. Ne4 Nf4 13. Bxf4 Qxf4 14. g3 Qc7
15. Nfg5 Ne5 16. Qh5 h6 17. f4 g6 18. Qh3 Bxg5 19. fxg5 Nf3+ 20. Kh1 Nxe1 21.
Rxe1 Bd7 22. Nf6+ Kf8 23. gxh6 Bc6+ 24. Kg1 Qa5 25. Re2 Qg5 26. Qf1 Rxh6 27.
Qf2 Kg7 28. Ne4 Bxe4 29. Bxe4 Rah8 30. Qd4+ e5 31. Qc4 Rxh2 32. Rxh2 Qxg3+ 33.
Bg2 Qxh2+ 34. Kf2 Rh4
0-1

[Event "Fagernes Chess International"]
[Site "Thon Hotell Fagernes"]
[Date "2016.03.20"]
[Round "3"]
[White "Houska, Jovanka"]
[Black "Kjølberg, Jens Hjorth"]
[Result "1-0"]
[WhiteElo "2387"]
[BlackElo "2164"]
[PlyCount "47"]
[EventDate "2016.??.??"]

1. d4 Nf6 2. Nf3 d5 3. e3 e6 4. Bd3 c5 5. b3 Nc6 6. O-O Bd6 7. Bb2 O-O 8. Nbd2
Qe7 9. Ne5 cxd4 10. exd4 Ba3 11. Bxa3 Qxa3 12. c3 Nxe5 13. dxe5 Nd7 14. Re1 f6
15. exf6 Nxf6 16. Nf3 Bd7 17. Qc2 Qd6 18. h3 g6 19. Re3 Rae8 20. Bxg6 hxg6 21.
Qxg6+ Kh8 22. Qh6+ Nh7 23. Ne5 Rf6 24. Qxf6+
1-0

[Event "Fagernes Chess International"]
[Site "Thon Hotell Fagernes"]
[Date "2016.03.20"]
[Round "3"]
[White "Ranaldi, Lucas"]
[Black "Hauge, Lars Oskar"]
[Result "1/2-1/2"]
[WhiteElo "2132"]
[BlackElo "2393"]
[PlyCount "82"]
[EventDate "2016.??.??"]

1. Nf3 Nf6 2. c4 g6 3. Nc3 Bg7 4. d4 O-O 5. Bf4 d6 6. e3 b6 7. h3 Bb7 8. Be2
Ne4 9. Nxe4 Bxe4 10. O-O c5 11. Nd2 Bb7 12. Bf3 Bxf3 13. Nxf3 Nd7 14. Bh2 cxd4
15. exd4 Rc8 16. Rc1 Rc7 17. b4 Qa8 18. Qd3 Rfc8 19. Rfe1 Nf6 20. a4 Qc6 21. b5
Qd7 22. Bf4 Qf5 23. Qxf5 gxf5 24. c5 bxc5 25. dxc5 Rxc5 26. Rxc5 dxc5 27. Ne5
Nd5 28. Nc6 e6 29. Be3 Bf8 30. Rc1 Nxe3 31. fxe3 Rc7 32. Ne5 Bg7 33. Nc4 Rb7
34. Rb1 Kf8 35. Kf2 Bc3 36. a5 Bb4 37. b6 a6 38. g4 Ke7 39. Ke2 Rb8 40. gxf5
exf5 41. Rd1 Bxa5
1/2-1/2

[Event "Fagernes Chess International"]
[Site "Thon Hotell Fagernes"]
[Date "2016.03.20"]
[Round "3"]
[White "Gandrud, Vegar Koi"]
[Black "Machlik, Edit"]
[Result "1/2-1/2"]
[WhiteElo "2300"]
[BlackElo "2056"]
[PlyCount "60"]
[EventDate "2016.??.??"]

1. d4 Nf6 2. c4 e6 3. Nf3 Bb4+ 4. Nbd2 d6 5. g3 Nc6 6. Bg2 a5 7. O-O e5 8. a3
Bxd2 9. Qxd2 O-O 10. d5 Ne7 11. Re1 a4 12. Qc2 h6 13. e4 Nd7 14. Be3 b6 15. Nd2
f5 16. f4 exf4 17. Bxf4 Ng6 18. Rf1 Nxf4 19. Rxf4 fxe4 20. Rxf8+ Qxf8 21. Qxe4
Ne5 22. Rf1 Qe8 23. Nf3 Nxf3+ 24. Bxf3 Bd7 25. Re1 Qxe4 26. Rxe4 Re8 27. Rxe8+
Bxe8 28. Kf2 Kf7 29. Ke3 Kf6 30. Kd4 Bd7
1/2-1/2

[Event "Fagernes Chess International"]
[Site "Thon Hotell Fagernes"]
[Date "2016.03.20"]
[Round "3"]
[White "Risting, Eivind Olav"]
[Black "Kaasen, Tor Fredrik"]
[Result "1-0"]
[WhiteElo "2102"]
[BlackElo "2209"]
[PlyCount "153"]
[EventDate "2016.??.??"]

1. b3 e5 2. Bb2 Nc6 3. e3 Nf6 4. Bb5 Bd6 5. Na3 a6 6. Bxc6 dxc6 7. Nc4 Qe7 8.
Ne2 Bg4 9. f3 Bd7 10. O-O O-O-O 11. Kh1 h5 12. d4 exd4 13. Qxd4 Be6 14. Nxd6+
cxd6 15. c4 d5 16. c5 Bf5 17. Rfe1 h4 18. Qf4 Be6 19. Bxf6 gxf6 20. b4 Rh5 21.
Nd4 Rg8 22. a4 Rhg5 23. Ra2 Bd7 24. b5 Qxc5 25. bxa6 bxa6 26. Rc2 Qa5 27. Rb1
Qc7 28. Qxf6 Qe5 29. Qxf7 R5g7 30. Nxc6 Bxc6 31. Rxc6+ Kd8 32. Qf4 Qxf4 33.
exf4 Rxg2 34. Rb8+ Kd7 35. Rxg8 Rxg8 36. Rxa6 d4 37. Rb6 Kc7 38. Rb4 Rd8 39.
Kg2 d3 40. Rb1 Kc6 41. Kf2 Kc5 42. Ke3 Kc4 43. Rc1+ Kb4 44. Kd2 Kxa4 45. Rc3
Rd4 46. Rxd3 Rxf4 47. Ke3 Rf8 48. Rd4+ Kb5 49. Rxh4 Kc5 50. Re4 Kd5 51. h4 Rh8
52. Kf2 Rh7 53. Kg3 Rg7+ 54. Rg4 Rh7 55. Rg5+ Ke6 56. Kg4 Kf6 57. h5 Rb7 58.
Rg6+ Kf7 59. f4 Rb1 60. Ra6 Kg7 61. Kg5 Rg1+ 62. Kf5 Rb1 63. Re6 Rb5+ 64. Re5
Rb1 65. Re7+ Kh6 66. Kf6 Kxh5 67. f5 Kh6 68. Kf7 Kh7 69. f6 Kh8 70. Kf8 Rb8+
71. Re8 Rb7 72. Rd8 Kh7 73. f7 Kg6 74. Rd6+ Kh7 75. Ke8 Ra7 76. f8=Q Ra8+ 77.
Rd8
1-0

[Event "Fagernes Chess International"]
[Site "Thon Hotell Fagernes"]
[Date "2016.03.20"]
[Round "3"]
[White "Bjerke, Richard"]
[Black "Machlik, Monika"]
[Result "1-0"]
[WhiteElo "2109"]
[BlackElo "2055"]
[PlyCount "81"]
[EventDate "2016.??.??"]

1. Nf3 Nf6 2. c4 e6 3. g3 a6 4. Bg2 b5 5. b3 c5 6. Bb2 Be7 7. O-O Bb7 8. d3 O-O
9. Nbd2 Nc6 10. e4 d6 11. a3 Nd7 12. d4 cxd4 13. Nxd4 Qb6 14. Nxc6 Bxc6 15. Rb1
Rac8 16. Re1 Rfd8 17. cxb5 axb5 18. Nf3 Bf6 19. Bxf6 Nxf6 20. Nd4 Bb7 21. Qd2
Nd7 22. Qb4 Ba6 23. Red1 Rc5 24. h3 h6 25. h4 Qc7 26. Bf1 Rb8 27. Qd2 Rb6 28.
b4 Rc3 29. Rbc1 Rxc1 30. Rxc1 Qb7 31. Bg2 Ne5 32. f4 Nc4 33. Qd3 Qc7 34. a4 Qa7
35. axb5 Bxb5 36. Kh2 d5 37. exd5 exd5 38. Nxb5 Rxb5 39. Bxd5 Nd6 40. Bc6 Rb6
41. Qxd6
1-0

[Event "Fagernes Chess International"]
[Site "Thon Hotell Fagernes"]
[Date "2016.03.20"]
[Round "3"]
[White "Grønnestad, Anita"]
[Black "Darnell, Anton"]
[Result "1/2-1/2"]
[WhiteElo "1957"]
[BlackElo "2110"]
[PlyCount "49"]
[EventDate "2016.??.??"]

1. c4 e6 2. Nf3 Nf6 3. g3 d5 4. Bg2 Be7 5. d4 O-O 6. O-O dxc4 7. Qa4 a6 8. Qxc4
b5 9. Qc2 Bb7 10. Bg5 Nbd7 11. Nc3 Rc8 12. Rfd1 h6 13. Bxf6 Nxf6 14. a3 b4 15.
axb4 Bxb4 16. Ne5 Bxg2 17. Kxg2 Qd6 18. e4 Rfd8 19. Qe2 Ra8 20. f4 Qb6 21. Nc4
Qb7 22. Na5 Qb6 23. Nc4 Qb7 24. Na5 Qb6 25. Nc4
1/2-1/2

[Event "Fagernes Chess International"]
[Site "Thon Hotell Fagernes"]
[Date "2016.03.20"]
[Round "3"]
[White "Gutsko, Anastasia"]
[Black "Hølleland, Sigve"]
[Result "1-0"]
[WhiteElo "2154"]
[BlackElo "2107"]
[PlyCount "77"]
[EventDate "2016.??.??"]

1. e4 e5 2. Nf3 Nc6 3. Bb5 a6 4. Ba4 Nf6 5. O-O Be7 6. Re1 b5 7. Bb3 d6 8. c3
Bg4 9. h3 Bh5 10. g4 Bg6 11. d3 Qd7 12. Nh4 Na5 13. Nf5 Bxf5 14. exf5 Nxb3 15.
axb3 Qc6 16. Nd2 h5 17. g5 Nd5 18. Ne4 Kd7 19. h4 Nb6 20. d4 f6 21. g6 exd4 22.
Qxd4 d5 23. Bf4 Rae8 24. b4 Kc8 25. Nc5 Bxc5 26. bxc5 Na4 27. b4 Qd7 28. Qd3 c6
29. Bh2 Kb7 30. Qf3 Nb2 31. Re2 Rxe2 32. Qxe2 Nc4 33. Re1 Qxf5 34. Qe7+ Ka8 35.
Qxg7 Qg4+ 36. Bg3 Rc8 37. Re7 Nd6 38. Ra7+ Kb8 39. Qb7#
1-0

[Event "Fagernes Chess International"]
[Site "Thon Hotell Fagernes"]
[Date "2016.03.20"]
[Round "3"]
[White "Fossan, Andreas"]
[Black "Løbersli, Henrik Øie"]
[Result "0-1"]
[WhiteElo "2069"]
[BlackElo "2134"]
[PlyCount "70"]
[EventDate "2016.??.??"]

1. d4 Nf6 2. c4 e6 3. Nc3 Bb4 4. f3 c5 5. a3 Ba5 6. dxc5 Bxc3+ 7. bxc3 Qa5 8.
e4 Qxc3+ 9. Bd2 Qd4 10. Ne2 Qxc5 11. Bb4 Qb6 12. Nd4 Nc6 13. c5 Qd8 14. Nb5 O-O
15. Bd3 b6 16. O-O a5 17. Bd2 bxc5 18. Be3 d6 19. f4 e5 20. fxe5 Nxe5 21. Bg5
c4 22. Bc2 Qb6+ 23. Nd4 Nc6 24. Be3 Ng4 25. Rb1 Qa7 26. Nxc6 Qxe3+ 27. Kh1 Nf2+
28. Rxf2 Qxf2 29. e5 dxe5 30. Bxh7+ Kh8 31. Qh5 g6 32. Qh6 Qf4 33. Qxf8+ Kxh7
34. Ne7 Bb7 35. Nd5 Bxd5
0-1

[Event "Fagernes Chess International"]
[Site "Thon Hotell Fagernes"]
[Date "2016.03.20"]
[Round "4"]
[White "Lie, Kjetil A."]
[Black "Shankland, Samuel L"]
[Result "0-1"]
[WhiteElo "2535"]
[BlackElo "2648"]
[PlyCount "70"]
[EventDate "2016.??.??"]

1. Nf3 d5 2. g3 c6 3. Bg2 Bg4 4. O-O Nd7 5. d3 e6 6. h3 Bh5 7. e4 Ne5 8. g4
Nxf3+ 9. Qxf3 Bg6 10. c4 dxe4 11. dxe4 Qc7 12. Bf4 e5 13. Bg3 Nf6 14. Nc3 Nd7
15. Rfd1 Be7 16. h4 f6 17. Rd2 O-O-O 18. Rad1 Kb8 19. Bh3 Nc5 20. g5 Rxd2 21.
Rxd2 Rd8 22. Rxd8+ Qxd8 23. h5 Be8 24. h6 g6 25. b4 Qd3 26. Kg2 Qxf3+ 27. Kxf3
Nd3 28. gxf6 Bxf6 29. Be6 Bg5 30. Bg8 Bxh6 31. Bxh7 Bf7 32. Nd1 Bxc4 33. Ne3
Ne1+ 34. Kg4 Be6+ 35. Kh4 Nf3#
0-1

[Event "Fagernes Chess International"]
[Site "Thon Hotell Fagernes"]
[Date "2016.03.20"]
[Round "4"]
[White "Vovk, Andrey"]
[Black "De Firmian, Nick E"]
[Result "1-0"]
[WhiteElo "2638"]
[BlackElo "2508"]
[PlyCount "79"]
[EventDate "2016.??.??"]

1. e4 Nf6 2. e5 Nd5 3. d4 d6 4. Nf3 g6 5. Bc4 c6 6. O-O Bg7 7. exd6 Qxd6 8. Re1
Bg4 9. Nbd2 O-O 10. h3 Bxf3 11. Nxf3 Nd7 12. Qe2 e6 13. c3 N7b6 14. Bb3 c5 15.
Bg5 cxd4 16. Nxd4 Qc5 17. Nf3 h6 18. Bh4 Rac8 19. Bg3 Nc4 20. Rad1 Rfd8 21. Rd3
b5 22. Red1 Qb6 23. Ne5 Nxe5 24. Bxe5 Bxe5 25. Qxe5 Ne7 26. Rxd8+ Rxd8 27.
Rxd8+ Qxd8 28. Qxb5 Qd2 29. Qb8+ Kg7 30. Qxa7 Qxb2 31. Bxe6 Qxc3 32. Bb3 h5 33.
h4 Qa1+ 34. Kh2 Qf6 35. g3 Nf5 36. Kg2 Qc6+ 37. Kg1 Qc1+ 38. Kh2 Nh6 39. Qd4+
Kg8 40. Kg2
1-0